000 00758nam a22002057a 4500
999 _c10281
_d10281
003 AR-CdUCM
008 190306b ||||| |||| 00| 0 spa d
020 _a84-278-0913-1
040 _aMUNICIPALIDAD PROVINCIAL DEL CUSCO
_cBIBLIOTECA MUNICIPAL DEL CUSCO
082 _aES / 800 /
_bSA18
100 _aSalgari, Emilio
_9800
245 _aEl león de Damasco /
260 _aBarcelona :
_bMolino,
_c1956.
300 _a159 páginas ;
_c19.5 cm.
505 _aContenido: La sobrina de Alí-Bajá -- La ferocidad de los turcos -- El bajá de Damasco -- El rugido del león de San Marcos --El gran almirante turco -- El capitán tormenta ...
650 _aNovelas italianas
_99329
650 _aObras literarias.
_9403
942 _2ddc
_cLIBROS
945 _awfj